رتب غرفتك : (رقم التسجيلة. 146603)

تفاصيل مارك
000 -LEADER
fixed length control field 00647nam a22001817a 4500
005 - DATE AND TIME OF LATEST TRANSACTION
control field 20251108175950.0
008 - FIXED-LENGTH DATA ELEMENTS--GENERAL INFORMATION
fixed length control field 250721s2014 xx 000 0 ara d
082 14 - DEWEY DECIMAL CLASSIFICATION NUMBER
Classification number 649.7/بيد
100 1# - MAIN ENTRY--PERSONAL NAME
Personal name بيدر، جين
245 10 - TITLE STATEMENT
Title رتب غرفتك :
Remainder of title كيف تحثين ابناءك على اداء المهام التي يكرهونها او يؤدونها على مضض؟ /
250 ## - EDITION STATEMENT
Edition statement ط.2
264 1# - PRODUCTION, PUBLICATION, DISTRIBUTION, MANUFACTURE, AND COPYRIGHT NOTICE
Place of production, publication, distribution, manufacture الجيزة :
Name of producer, publisher, distributor, manufacturer دار الفاروق للاستثمارات الثقافية،
Date of production, publication, distribution, manufacture, or copyright notice 2014.
300 ## - PHYSICAL DESCRIPTION
Extent 228ص.
650 17 - SUBJECT ADDED ENTRY--TOPICAL TERM
Topical term or geographic name as entry element التربية السلوكية
650 17 - SUBJECT ADDED ENTRY--TOPICAL TERM
Topical term or geographic name as entry element تنظيف المنزل
942 ## - ADDED ENTRY ELEMENTS (KOHA)
Source of classification or shelving scheme Dewey Decimal Classification
Koha item type كتب
المقتنيات
حالة السحب حالة الفقدان مصدر التصنيف حالة التلف غير قابل للإعارة المكتبة الرئيسية المكتبة الحالية موقع الرف تاريخ التزويد الرقم المتسلسل Total Checkouts رقم الإستدعاء الباركود تاريخ آخر ظهور تاريخ الفاتورة نوع المادة (كوها)
    Dewey Decimal Classification     المكتبة المركزية المكتبة المركزية الإعارة 28/07/2025 1787444   649.7/بيد PLD00510720 28/07/2025 28/07/2025 كتب
    Dewey Decimal Classification     مكتبة أم قصير والمقابلين العامة مكتبة أم قصير والمقابلين العامة الإعارة 04/07/2024 1787445   649.7/بيد PLD00510721 28/07/2025 04/07/2024 كتب
    Dewey Decimal Classification     مكتبة الحسن العامة مكتبة الحسن العامة الإعارة 04/07/2024 1787447   649.7/بيد PLD00510723 28/07/2025 04/07/2024 كتب
    Dewey Decimal Classification     مكتبة حمزة العامة مكتبة حمزة العامة الإعارة 04/07/2024 1787448   649.7/بيد PLD00510724 28/07/2025 04/07/2024 كتب
    Dewey Decimal Classification     مكتبة صويلح العامة مكتبة صويلح العامة الإعارة 04/07/2024 1787449   649.7/بيد PLD00510725 28/07/2025 04/07/2024 كتب
    Dewey Decimal Classification     مكتبة وادي السير العامة مكتبة وادي السير العامة الإعارة 04/07/2024 1787446   649.7/بيد PLD00510722 28/07/2025 04/07/2024 كتب
Implemented & Customized by: BBB with SCIT (Smart Chains for Information Technology)

Powered by Koha